Top 20 des meilleurs jeux Nintendo - Statistiques

Statistiques générales
  • Ce quiz a été pris 79 fois
  • Le résultat moyen est 6 sur 20
Statistiques - réponses
Classement Jeux % Correct
Numéro 13 Super Mario Bros
64%
Numéro 7 The Legend of Zelda: Breath of the Wild
57%
Numéro 3 Super Mario Galaxy
44%
Numéro 2 Super Mario 64
43%
Numéro 1 The Legend of Zela: Ocarina of Time
36%
Numéro 10 The Legend of Zelda: Majora's Mask
34%
Numéro 20 Super Mario Galaxy 2
33%
Numéro 15 Mario Kart WII
31%
Numéro 11 The Legend of Zelda: Twilight Princess
28%
Numéro 8 Super Mario World
25%
Numéro 6 Super Mario Bros. 3
23%
Numéro 14 Super Smash Bros Brawl
23%
Numéro 18 Metroid Prime
21%
Numéro 19 Super Mario Kart
21%
Numéro 12 Mario Kart: Double Dash!!
18%
Numéro 5 The Legend of Zelda: A Link to the Past
18%
Numéro 16 Super Metroid
13%
Numéro 17 Donkey Kong Country
11%
Numéro 4 The Legend of Zelda: The Wind Waker
7%
Numéro 9 Super Mario Bros Melee
0%
Aucun quiz correspondant
Distribution des résultats
% des personnes avec chaque résultat
Percentile par nombre de réponses
Votre historique - résultats
Vous n’avez pas pris ce quiz